000 00297nam a22001337a 4500
008 180814b xxu||||| |||| 00| 0 eng d
041 _aeng
080 _a616.12
082 _a616.12
100 _a7
101 _aKAR
245 _aCongenital Disease of the Heart
_cRudolph,A.M
942 _2udc
_cBK
999 _c47087
_d47087